000 00208nam a22001097a 4500
041 _aeng
080 _a80
100 _aBak, P.
245 _aGramatyka Jezyka Polskiego.
650 _aPolish
999 _c277836
_d277836
942 _cBK